| 000 | 00678nam a2200205Ia 4500 | ||
|---|---|---|---|
| 999 |
_c36310 _d36310 |
||
| 001 | 2217 | ||
| 003 | GE_BSU | ||
| 005 | 20190520201329.0 | ||
| 008 | 181216s1988||||ge |||||||||||||| ||geo|| | ||
| 040 | _cGE_BSU | ||
| 041 | _ageo | ||
| 080 | _a94(479.22)+27–36(479.22) ს-26 | ||
| 100 |
_aსანიკიძე, ლევან _91445 |
||
| 245 |
_aწიგნი მოწამეთა. _c |
||
| 264 |
_aთბილისი : _bგანათლება, _c1988. |
||
| 300 |
_a618 გვ. ; _b19 სმ. |
||
| 653 | _aსაქართველოს ისტორია | ||
| 653 | _aქართველი წმინდანები | ||
| 942 |
_cBK _2udc |
||